[Event "Gibraltar U16 op"]
[Site "Caleta"]
[Date "2017.08.18"]
[Round "2"]
[White "Manocha, Shobhin"]
[Black "Finn, Thomas"]
[Result "1/2-1/2"]
[WhiteElo "1445"]
[BlackElo "1751"]
[PlyCount "217"]
[EventDate "2017.08.18"]
[EventType "swiss"]
[EventRounds "6"]
[EventCountry "GGB"]
[SourceTitle "CBM 180 Extra"]
[Source "ChessBase"]
[SourceDate "2017.10.06"]
[SourceVersion "1"]
[SourceVersionDate "2017.10.06"]
[SourceQuality "1"]

1. e4 e5 2. Nf3 Nf6 3. Nc3 Nc6 4. Bb5 Bb4 5. 0-0 d6 6. d3 h6 7. h3 0-0 8. a3 Ba5 9. b4 Bb6 10. Na4 Be6 11. Nxb6 axb6 12. Bxc6 bxc6 13. Be3 b5 14. Re1 Re8 15. c3 Bd7 16. Qc2 d5 17. Nd2 Be6 18. d4 exd4 19. Bxd4 Nxe4 20. Nxe4 Bf5 21. f3 Qh4 22. Qf2 Qd8 23. Ng3 Bg6 24. Rxe8+ Qxe8 25. Qe3 Qd7 26. Re1 Kh7 27. Qe7 Qc8 28. Qe5 f6 29. Qe7 Kg8 30. Qe6+ Qxe6 31. Rxe6 Ra6 32. Re7 Rxa3 33. Rxc7 Ra6 34. Ra7 Ra4 35. Rc7 Ra6 36. Ne2 Bf7 37. g4 h5 38. Nf4 hxg4 39. Rc8+ Kh7 40. hxg4 Kh6 41. Rf8 Kg5 42. Nh3+ Kh4 43. Rh8+ Kg3 44. Bf2+ Kxf3 45. Kh2 Be6 46. Re8 Bd7 47. Re3+ Kxg4 48. Rg3+ Kf5 49. Rxg7 Be6 50. Rg3 Ra2 51. Rf3+ Ke5 52. Kg3 f5 53. Bd4+ Kd6 54. Ng5 Ra8 55. Bc5+ Kd7 56. Nxe6 Kxe6 57. Kf4 Ra1 58. Re3+ Kd7 59. Kxf5 Rf1+ 60. Ke5 Rf7 61. Kd4 Rf4+ 62. Kd3 Rf7 63. Kc2 Rg7 64. Kb3 Rf7 65. Re1 Rg7 66. Ra1 Rg6 67. Ra7+ Ke6 68. Ra8 Ke5 69. Rd8 Rh6 70. Re8+ Kf5 71. Re7 Rg6 72. Bd4 Rh6 73. Re5+ Kg4 74. Re8 Kf5 75. Rh8 Rg6 76. Re8 Rh6 77. Re5+ Kg4 78. Bc5 Rg6 79. Re7 Kf5 80. Bd4 Rh6 81. Kc2 Rg6 82. Kd3 Rh6 83. Re1 Rg6 84. Be3 Ke6 85. Rf1 Kd6 86. Bf4+ Kd7 87. Kd4 Re6 88. Kd3 Re4 89. Be3 Re7 90. Rf4 Kc7 91. Kd4 Kb6 92. Kd3+ Kc7 93. Rf8 Rh7 94. Ra8 Kd6 95. Ra6 Rh3 96. Kd2 Rh2+ 97. Kc1 Re2 98. Bf4+ Kd7 99. Ra7+ Kd8 100. Rc7 Re6 101. Ra7 Re2 102. Kd1 Rg2 103. Be3 Rg6 104. Kd2 Re6 105. Kd3 Re4 106. Bb6+ Ke8 107. Rc7 Re6 108. Be3 Kd8 109. Rh7 1/2-1/2

[Event "London Classic op U1600 8th"]
[Site "London"]
[Date "2016.12.11"]
[Round "5"]
[White "Manocha, Shobhin"]
[Black "Carroll, Peter"]
[Result "1-0"]
[WhiteElo "1442"]
[BlackElo "1561"]
[PlyCount "59"]
[EventDate "2016.12.09"]
[EventType "swiss"]
[EventRounds "5"]
[EventCountry "ENG"]
[SourceTitle "EXT 2019"]
[Source "ChessBase"]
[SourceDate "2018.10.10"]
[SourceVersion "1"]
[SourceVersionDate "2018.10.10"]
[SourceQuality "1"]

1. e4 c5 2. Nc3 Nc6 3. f4 g6 4. Nf3 Bg7 5. Bc4 e6 6. 0-0 Nge7 7. e5 d5 8. exd6 Qxd6 9. Ne4 Qd8 10. c3 b6 11. Qe1 a6 12. d3 Na5 13. Be3 Bb7 14. Rd1 Nxc4 15. dxc4 Qc7 16. Nd6+ Kf8 17. Ng5 Qc6 18. Qf2 Nf5 19. Nxb7 Qxb7 20. g4 Nxe3 21. Qxe3 h6 22. Ne4 e5 23. Nd6 Qc6 24. fxe5 Ra7 25. e6 Re7 26. Rxf7+ Rxf7 27. Nxf7 Rh7 28. Qf4 Qxe6 29. Ng5+ Qf6 30. Nxh7+ 1-0

[Event "London Classic op U1600 8th"]
[Site "London"]
[Date "2016.12.11"]
[Round "4"]
[White "Whittome, Anthony"]
[Black "Manocha, Shobhin"]
[Result "0-1"]
[WhiteElo "1585"]
[BlackElo "1442"]
[PlyCount "110"]
[EventDate "2016.12.09"]
[EventType "swiss"]
[EventRounds "5"]
[EventCountry "ENG"]
[SourceTitle "EXT 2019"]
[Source "ChessBase"]
[SourceDate "2018.10.10"]
[SourceVersion "1"]
[SourceVersionDate "2018.10.10"]
[SourceQuality "1"]

1. e4 c5 2. f4 d5 3. exd5 Qxd5 4. Nf3 Nf6 5. Nc3 Qd8 6. Bc4 Nc6 7. a3 Bf5 8. d3 h6 9. 0-0 e6 10. Qe1 Be7 11. Bb3 0-0 12. h3 Re8 13. Qf2 Rc8 14. Be3 Bd6 15. Nh4 Nd4 16. Nxf5 Nxf5 17. Bd2 c4 18. Kh1 cxb3 19. cxb3 Bc5 20. Qf3 Nd4 21. Qd1 Qd7 22. b4 Be7 23. Rc1 Nb5 24. Qe2 Nxc3 25. Bxc3 Nd5 26. Be5 Bf6 27. Rce1 Bxe5 28. fxe5 Rc7 29. Qg4 Qe7 30. Re2 Qg5 31. Qf3 Ree7 32. Re4 Rc1 33. Rg4 Rxf1+ 34. Qxf1 Ne3 35. Rxg5 Nxf1 36. Rg4 Ne3 37. Re4 Nd5 38. Kg1 b5 39. Kf2 Rc7 40. Re2 Nf4 41. Rd2 Rd7 42. d4 Nd5 43. Kf3 Nb6 44. Ke4 Nc4 45. Rc2 Kf8 46. Rf2 Rc7 47. Rc2 Nd6+ 48. Kd3 Rxc2 49. Kxc2 Nc4 50. b3 Ne3+ 51. Kc3 Nxg2 52. a4 a6 53. d5 exd5 54. Kd4 Nf4 55. axb5 axb5 0-1

[Event "London Classic op U1600 8th"]
[Site "London"]
[Date "2016.12.10"]
[Round "2"]
[White "Ashraf, Zoha"]
[Black "Manocha, Shobhin"]
[Result "0-1"]
[WhiteElo "1112"]
[BlackElo "1442"]
[PlyCount "152"]
[EventDate "2016.12.09"]
[EventType "swiss"]
[EventRounds "5"]
[EventCountry "ENG"]
[SourceTitle "EXT 2019"]
[Source "ChessBase"]
[SourceDate "2018.10.10"]
[SourceVersion "1"]
[SourceVersionDate "2018.10.10"]
[SourceQuality "1"]

1. e4 c5 2. Nf3 d6 3. d4 cxd4 4. Nxd4 Nf6 5. Nc3 g6 6. Bb5+ Bd7 7. Bxd7+ Qxd7 8. 0-0 Bg7 9. Be3 Nc6 10. Nf3 0-0 11. Re1 Rac8 12. Bg5 Rfd8 13. Bxf6 Bxf6 14. Nd5 Bxb2 15. Rb1 Bg7 16. Qd2 Ne5 17. Nxe5 Bxe5 18. f4 Bg7 19. Re3 e6 20. Nc3 Bxc3 21. Rxc3 Rxc3 22. Qxc3 Rc8 23. Qd2 Qc6 24. Rc1 Qxe4 25. g3 d5 26. c3 d4 27. cxd4 Rxc1+ 28. Qxc1 Qxd4+ 29. Kg2 Qd7 30. Kf3 Qd5+ 31. Ke3 Qd7 32. a4 Qd8 33. Ke4 Qd5+ 34. Ke3 Qb3+ 35. Kd2 Qa2+ 36. Ke1 Qb3 37. Qc5 b6 38. Qc7 Qb4+ 39. Kf1 Qc5 40. Qxa7 Kg7 41. a5 Qxa5 42. Qd7 Qd5 43. Qa4 Qh1+ 44. Ke2 Qxh2+ 45. Kd1 Qg1+ 46. Kd2 Qc5 47. Qa1+ Kg8 48. Qa8+ Qf8 49. Qa6 Qd8+ 50. Ke3 h5 51. Qf1 Qd5 52. Ke2 Qc4+ 53. Kf2 Qxf1+ 54. Kxf1 Kg7 55. Ke2 Kf6 56. Ke3 Kf5 57. Kf3 b5 58. Ke3 Kg4 59. Kd4 Kxg3 60. Kc5 Kxf4 61. Kxb5 e5 62. Kc4 e4 63. Kc3 Kf3 64. Kd2 e3+ 65. Kd1 Kf2 66. Kc2 e2 67. Kd2 e1Q+ 68. Kd3 Qe3+ 69. Kc4 Qd2 70. Kc5 h4 71. Kc4 h3 72. Kc5 h2 73. Kc4 h1Q 74. Kc5 Qhc1+ 75. Kb5 Qdb2+ 76. Ka4 Qca1# 0-1

[Event "BCF-ch U14"]
[Site "Bournemouth"]
[Date "2016.07.30"]
[Round "7"]
[White "Manocha, Shobhin"]
[Black "Salmons, Calum"]
[Result "1/2-1/2"]
[WhiteElo "1161"]
[BlackElo "1590"]
[PlyCount "127"]
[EventDate "2016.07.24"]
[EventType "swiss"]
[EventRounds "7"]
[EventCountry "ENG"]
[SourceTitle "EXT 2017"]
[Source "ChessBase"]
[SourceDate "2016.10.25"]
[SourceVersion "1"]
[SourceVersionDate "2016.10.25"]
[SourceQuality "1"]

1. e4 c5 2. Nc3 Nc6 3. f4 g6 4. Nf3 Bg7 5. Bc4 e6 6. 0-0 Nge7 7. e5 d5 8. exd6 Qxd6 9. Ne4 Qc7 10. c3 0-0 11. d3 b6 12. Qe1 Bb7 13. Qh4 h6 14. Nf6+ Kh8 15. g4 Qd8 16. f5 Nxf5 17. gxf5 Qxf6 18. Qxf6 Bxf6 19. fxg6 fxg6 20. Bxh6 Rfe8 21. Rae1 Nd8 22. Ng5 Bxg5 23. Bxg5 a5 24. Rf6 Kg7 25. Bxe6 Bc8 26. Bd5 Rxe1+ 27. Kf2 Re5 28. Bxa8 Rxg5 29. Rxb6 Bg4 30. Rb5 Ne6 31. Be4 Bf5 32. Rxa5 Bxe4 33. dxe4 Kf6 34. Ra4 Ke5 35. Rc4 Rg4 36. Kf3 Rh4 37. a4 Rxh2 38. b4 cxb4 39. cxb4 Rb2 40. a5 Nd4+ 41. Kg3 Kxe4 42. a6 Ra2 43. b5 Kd5 44. Rb4 Kc5 45. Rb1 Nxb5 46. Rc1+ Kd5 47. Rb1 Nd4 48. Rb7 Ne6 49. a7 Ke5 50. Rb5+ Kf6 51. Rb7 Ng7 52. Rb6+ Kg5 53. Rb7 Nf5+ 54. Kf3 Ra3+ 55. Ke4 Kg4 56. Ke5 g5 57. Rf7 Nh4 58. Kd6 Kh3 59. Kc6 g4 60. Kb7 g3 61. a8Q Rxa8 62. Kxa8 g2 63. Rg7 Nf5 64. Rxg2 1/2-1/2

[Event "BCF-ch U14"]
[Site "Bournemouth"]
[Date "2016.07.29"]
[Round "6"]
[White "Balouka Myers, Gabriel"]
[Black "Manocha, Shobhin"]
[Result "0-1"]
[WhiteElo "1607"]
[BlackElo "1161"]
[PlyCount "112"]
[EventDate "2016.07.24"]
[EventType "swiss"]
[EventRounds "7"]
[EventCountry "ENG"]
[SourceTitle "EXT 2017"]
[Source "ChessBase"]
[SourceDate "2016.10.25"]
[SourceVersion "1"]
[SourceVersionDate "2016.10.25"]
[SourceQuality "1"]

1. Nf3 Nf6 2. g3 d5 3. Bg2 Bf5 4. c4 c6 5. 0-0 Qc7 6. cxd5 cxd5 7. d3 e6 8. Nc3 a6 9. Re1 Bg6 10. e4 dxe4 11. dxe4 Be7 12. Qa4+ Qc6 13. Qb3 Nbd7 14. e5 Nc5 15. Qc4 Bd3 16. Qf4 Nd5 17. Qg4 Bg6 18. Nd4 Qd7 19. Nxd5 exd5 20. Qxd7+ Kxd7 21. Bxd5 Rab8 22. e6+ Kd6 23. Bc4 Kc7 24. Bf4+ Bd6 25. Bxd6+ Kxd6 26. exf7 b5 27. Bf1 Rb7 28. Rad1 Kc7 29. Re7+ Kb6 30. Rde1 Rf8 31. b4 Ne4 32. Re6+ Ka7 33. Nc6+ Ka8 34. f3 Nf6 35. Ne5 Ka7 36. Nxg6 hxg6 37. Re8 Rfxf7 38. R8e6 Nd5 39. a3 Rxf3 40. Bg2 Rd3 41. Rd6 Nxb4 42. Bxb7 Rxd6 43. Re7 Nd3 44. Be4+ Kb6 45. Rxg7 Ne5 46. Re7 Nc4 47. a4 bxa4 48. Rb7+ Kc5 49. Bc2 a3 50. Bb3 Na5 51. Rc7+ Kb4 52. Bf7 Rd1+ 53. Kf2 Rd2+ 54. Ke3 Rxh2 55. Rc1 a2 56. Ra1 Nb3 0-1

[Event "BCF-ch U14"]
[Site "Bournemouth"]
[Date "2016.07.28"]
[Round "5"]
[White "Manocha, Shobhin"]
[Black "Samworth Calvier, Juju"]
[Result "0-1"]
[WhiteElo "1161"]
[BlackElo "1580"]
[PlyCount "112"]
[EventDate "2016.07.24"]
[EventType "swiss"]
[EventRounds "7"]
[EventCountry "ENG"]
[SourceTitle "EXT 2017"]
[Source "ChessBase"]
[SourceDate "2016.10.25"]
[SourceVersion "1"]
[SourceVersionDate "2016.10.25"]
[SourceQuality "1"]

1. e4 e6 2. d4 d5 3. Nc3 Bb4 4. e5 Ne7 5. a3 Bxc3+ 6. bxc3 c5 7. Nf3 Nbc6 8. Bd3 Bd7 9. 0-0 Qc7 10. Re1 c4 11. Bf1 0-0-0 12. Bg5 h6 13. Bh4 Rdg8 14. Qd2 Nf5 15. Bg3 Qd8 16. Reb1 h5 17. Ne1 g5 18. f3 Nxg3 19. hxg3 f5 20. f4 h4 21. fxg5 hxg3 22. Nf3 Qe7 23. Qf4 Be8 24. Qxg3 Bh5 25. Be2 Bxf3 26. Bxf3 Rxg5 27. Qf2 Rg6 28. Kf1 Rgh6 29. Ke2 Rh2 30. Rg1 Nd8 31. Qf1 Nf7 32. a4 Ng5 33. Kd1 Qg7 34. a5 Qh6 35. Rb1 Nh3 36. Ke2 Nxg1+ 37. Qxg1 Rh1 38. Qxh1 Qxh1 39. Rxh1 Rxh1 40. g4 Rh2+ 41. Kd1 fxg4 42. Bxg4 Kd7 43. Kc1 Rh6 44. Kb2 Kc6 45. Bd1 Kb5 46. Kc1 Kxa5 47. Kb2 Kb6 48. Ka3 Kc6 49. Kb4 Kd7 50. Ka3 a5 51. Ka4 b6 52. Kb5 Rh8 53. Kxb6 a4 54. Kb5 a3 55. Kb4 a2 56. Kc5 a1Q 0-1

[Event "BCF-ch U13"]
[Site "Coventry"]
[Date "2015.07.29"]
[Round "3"]
[White "Manocha, Shobhin"]
[Black "Lovell, William Pm"]
[Result "0-1"]
[WhiteElo "1151"]
[BlackElo "1465"]
[PlyCount "60"]
[EventDate "2015.07.27"]
[EventType "swiss"]
[EventRounds "7"]
[EventCountry "ENG"]
[SourceTitle "CBM 167 Extra"]
[Source "ChessBase"]
[SourceDate "2015.09.14"]
[SourceVersion "1"]
[SourceVersionDate "2015.09.14"]
[SourceQuality "1"]

1. e4 e5 2. Nf3 Nc6 3. Bc4 Nf6 4. Ng5 Bc5 5. d3 0-0 6. 0-0 d6 7. Nc3 Bg4 8. Qe1 Nd4 9. Qd2 h6 10. h3 Bh5 11. Nf3 Bxf3 12. Re1 Bh5 13. Na4 Bb6 14. c3 Nc6 15. Nxb6 axb6 16. f3 Na5 17. b3 b5 18. b4 bxc4 19. bxa5 cxd3 20. Qxd3 Bg6 21. Qb5 Qd7 22. Qb4 Qc6 23. Rb1 Rfb8 24. Be3 Qa6 25. Red1 Qxa5 26. Qc4 b5 27. Qd3 d5 28. Qd2 dxe4 29. f4 exf4 30. Bxf4 e3 0-1